000 00389nam a22001577a 4500
003 OSt
005 20211123112634.0
008 211026b |||||||| |||| 00| 0 eng d
020 _a9788131758434
040 _cHU
082 _a370.954 PAT 2011
100 _aPathak, R. P.
_915599
245 _aResearch in education and psychology.
300 _ax,460p
_bpc
_c25cm
942 _2ddc
_cBOOKS
_n0
999 _c14999
_d14999